000 01074cac a22002531u 4500
090 _c4317
008 081126t 1998xxu||||| |||| 00| 0 eng d
010 _a 91003925
020 _a0256167796 (alk. paper)
082 0 0 _a657.45
_bWHI
100 _aWhittington, O.Ray.
245 0 0 _aPrinciples of auditing /
_cO. Ray Whittington, Kurt Pany.
250 _a12th ed.
260 _aHomewood, IL :
_bMcGraw-Hill,
_c1998
300 _axx, 790 p. :
_b ill. ;
_c24 cm.
490 _aAccounting Series.
504 _aIncludes bibliographical references and index.
650 0 _aAuditing.
700 1 _aPany, Kurt.
942 _cBB
_k657.45WHI
_2ddc
999 _c4317
_d4317